000
00358nam a2200133Ia 4500
008
100328s9999 xx 000 0 und d
082
_b
54173
100
_a
दांडेकर ज.पां.
245
_a
शिवण - कला
260
_b
उदयम
630
_a
शिवण - कला
730
_a
शिवण - कला
942
_c
BOOK
999
_c
540896
_d
540893